TV Shows by Actors/Actresses II Quiz Stats

Quiz Updated May 2, 2012

Challenge
Share
Tweet
Embed
Score 0/80 Timer 16:00
2 Plays Today
Actors Show % Correct
Alec Baldwin, Tina Fey, Jane Krakowski30 Rock
86.3%
James Avery, Will Smith, Alfonso RibeiroThe Fresh Prince Of Bel-Air
85.5%
Jenna Fischer, Steve Carell, Rainn WilsonThe Office
84.6%
William Shatner, DeForest Kelley, Leonard NimoyStar Trek
84.1%
Omar Epps, Lisa Edelstein, Hugh LaurieHouse M.D.
82.4%
Teri Hatcher, Marcia Cross, Felicity HuffmanDesperate Housewives
81.4%
Desi Arnaz, Lucille Ball, Vivian VanceI Love Lucy
81.3%
Julia Louis-Dreyfus, Michael Richards, Jason AlexanderSeinfeld
80.6%
Jane Leeves, Kelsey Grammer, David Hyde PierceFrasier
79.8%
Bob Saget, Dave Coulier, John StamosFull House
79.4%
Nicholas Brendon, Sarah Michelle Gellar, Alyson HanniganBuffy the Vampire Slayer
78.9%
Ron Howard, Tom Bosley, Henry WinklerHappy Days
78.4%
Shannen Doherty, Luke Perry, Jason PriestleyBeverly Hills 90210
77.4%
Bryan Cranston, Jane Kaczmarek, Frankie MunizMalcolm in the Middle
76.2%
Zach Braff, Sarah Chalke, Donald FaisonScrubs
75.8%
Laurie Metcalf, Sara Gilbert, John GoodmanRoseanne
75.2%
Lorraine Bracco, Edie Falco, James GandolfiniThe Sopranos
74.4%
Peter Boyle, Patricia Heaton, Brad GarrettEverybody Loves Raymond
70.3%
Joyce DeWitt, John Ritter, Suzanne SomersThree's Company
69.2%
Noah Wyle, Anthony Edwards, Laura InnesER
67.5%
Dan Lauria, Fred Savage, Danica McKellarThe Wonder Years
67%
Barry Williams, Florence Henderson, Robert ReedThe Brady Bunch
66.5%
Greg Germann, Calista Flockhart, Peter MacNicolAlly McBeal
66.4%
Josh Holloway, Matthew Fox, Evangeline LillyLost
65.7%
David Cassidy, Susan Dey, Danny BonaduceThe Partridge Family
65.2%
Jim Parsons, Johnny Galecki, Kaley CuocoThe Big Bang Theory
64.1%
Michael Gross, Justine Bateman, Michael J. FoxFamily Ties
62.6%
January Jones, Vincent Kartheiser, Jon HammMad Men
62.5%
Jaime Pressly, Ethan Suplee, Jason LeeMy Name Is Earl
62.4%
Matthew Morrison, Lea Michele, Cory MonteithGlee
62.3%
Emily Deschanel, Michaela Conlin, David BoreanazBones
61.7%
Conrad Bain, Todd Bridges, Gary ColemanDiff'rent Strokes
61.6%
Larry Wilcox, Erik Estrada, Robert PineCHiPs
61.5%
Victor Garber, Ron Rifkin, Jennifer GarnerAlias
61.4%
Jason Bateman, Will Arnett, Jeffrey TamborArrested Development
60.5%
David Caruso, Emily Procter, Adam RodrĂ­guezCSI: Miami
59.6%
Lauren Graham, Melissa McCarthy, Alexis BledelGilmore Girls
59.5%
Cybill Shepherd, Bruce Willis, Allyce BeasleyMoonlighting
58.5%
Faith Ford, Joe Regalbuto, Candice BergenMurphy Brown
57.7%
Judd Hirsch, Andy Kaufman, Marilu HennerTaxi
57.3%
Actors Show % Correct
Philip Michael Thomas, Don Johnson, Michael TalbottMiami Vice
57.1%
Mischa Barton, Peter Gallagher, Benjamin McKenzieThe O.C.
56.7%
Elizabeth Montgomery, Agnes Moorehead, Dick YorkBewitched
56.2%
Eric Stonestreet, Ty Burrell, Ed O'NeillModern Family
55.5%
Jean Stapleton, Carroll O'Connor, Rob ReinerAll In The Family
53.4%
Delta Burke, Annie Potts, Dixie CarterDesigning Women
53.4%
Harry Anderson, John Larroquette, Richard MollNight Court
52.1%
George Eads, William Petersen, Marg HelgenbergerCSI: Crime Scene Investigation
50.9%
Scott Speedman, Keri Russell, Greg GrunbergFelicity
49.1%
Jennifer Carpenter, Michael C. Hall, Julie BenzDexter
49.1%
Bob Denver, Dawn Wells, Alan HaleGilligan's Island
48.6%
Enrico Colantoni, Kristen Bell, Jason DohringVeronica Mars
46.5%
Jerry Mathers, Tony Dow, Barbara BillingsleyLeave It To Beaver
46.4%
Steven Weber, Timothy Daly, Crystal BernardWings
46%
Gary Sandy, Howard Hesseman, Loni AndersonWKRP In Cincinnati
44.6%
Mary Tyler Moore, Rose Marie, Morey AmsterdamThe Dick Van Dyke Show
44.4%
Linda Cardellini, James Franco, Seth RogenFreaks and Geeks
43.5%
Kathy Kinney, Ryan Stiles, Diedrich BaderThe Drew Carey Show
41.6%
George Peppard, Dirk Benedict, Dwight SchultzThe A-Team
39.8%
Nathan Fillion, Molly Quinn, Stana KaticCastle
37.3%
Kelly Macdonald, Steve Buscemi, Michael PittBoardwalk Empire
36.8%
John Noble, Anna Torv, Joshua JacksonFringe
35.3%
Robert Wagner, Stefanie Powers, Lionel Stander Hart To Hart
35.2%
Tom Welling, Allison Mack, Michael RosenbaumSmallville
35.1%
David Soul, Antonio Fargas, Paul Michael GlaserStarsky & Hutch
34.9%
Carolyn Jones, Jackie Coogan, John AstinThe Addams Family
34%
Zachary Levi, Yvonne Strahovski, Adam BaldwinChuck
33.9%
Kyle Chandler, Zach Gilford, Taylor KitschFriday Night Lights
32.4%
Sheryl Lee, Michael Ontkean, Kyle MacLachlanTwin Peaks
30.8%
James Roday, Dulé Hill, Maggie LawsonPsych
30.4%
Jensen Ackles, Misha Collins, Jared PadaleckiSupernatural
30.4%
Lauren Ambrose, Peter Krause, Rachel GriffithsSix Feet Under
29.7%
Daniel J. Travanti, Bruce Weitz, Joe SpanoHill Street Blues
28.5%
Danny McBride, Katy Mixon, Steve LittleEastbound & Down
21.3%
Glenn Howerton, Kaitlin Olson, Rob McElhenneyIt's Always Sunny In Philadelphia
19.4%
Lee Pace, Chi McBride, Anna FrielPushing Daisies
18.9%
James Callis, Edward James Olmos, Tricia HelferBattlestar Galactica
17.1%
Tim Russ, Robert Beltran, Kate MulgrewStar Trek: Voyager
15%
Andre Royo, Dominic West, Lance ReddickThe Wire
14.9%
Salli Richardson, Joe Morton, Colin FergusonEureka
5.4%

You're not logged in!

Compare scores with friends on all Sporcle quizzes.
Sign Up with Email
OR
Log In

You Might Also Like...

Show Comments

Extras

Top Quizzes Today


Score Distribution

Your Account Isn't Verified!

In order to create a playlist on Sporcle, you need to verify the email address you used during registration. Go to your Sporcle Settings to finish the process.